000 00712cab a2200229 4500
001 WB3409-38
008 090401t1998 xxu||||| |||| 00| 0 eng d
035 _a(Sirsi) u84694
041 _aeng
245 _aModernisation of company law
260 _c1998
350 _a0
490 _aFinancial Times
_v5 March 1998, 8(1)
520 _aGovernment has set out the case for modernising company law in order to ensure UK firms` competitiveness in global business. "Modern company law - for a competitive economy" DTI 0171-2152529.
650 _aCOMPANY LAW
650 _aCOMPETITIVENESS
650 _aGLOBAL BUSINESS
650 _aGLOBALISATION
690 _aLAW
942 _n0
948 _c05/03/1998
999 _c53256
_d53256